[Event "SERBIA CHESS OPEN 2021 – MASTERS"]
[Site "Belgrade, Hotel Metropol"]
[Date "2021.07.05"]
[Round "5.1"]
[White "Indjic, Aleksandar"]
[Black "Petrosyan, Manuel"]
[Result "1/2-1/2"]
[WhiteElo "2607"]
[BlackElo "2632"]
[PlyCount "116"]
[EventDate "2021.??.??"]

1. c4 e6 2. Nc3 d5 3. d4 Be7 4. cxd5 exd5 5. Bf4 c6 6. e3 Bf5 7. h3 Nd7 8. Bd3
Bxd3 9. Qxd3 Ngf6 10. Nge2 O-O 11. Ng3 g6 12. O-O Ne8 13. e4 dxe4 14. Ngxe4
Ndf6 15. Rfe1 Nxe4 16. Qxe4 Bg5 17. Be5 Nf6 18. Qf3 Nd5 19. Qg3 Bh4 20. Qg4 Be7
21. Re2 f6 22. Qe6+ Rf7 23. Bg3 Nxc3 24. bxc3 Qd5 25. Rae1 Bf8 26. Qxd5 cxd5
27. Re8 Rxe8 28. Rxe8 Rd7 29. Kf1 Kf7 30. Rb8 Ba3 31. Ke2 Ke6 32. Kd3 Bd6 33.
Bxd6 Kxd6 34. a4 b6 35. g4 g5 36. c4 dxc4+ 37. Kxc4 Rc7+ 38. Kd3 Rc1 39. Ke4
Rc4 40. Kf5 Rxa4 41. Kxf6 Rxd4 42. Kxg5 Kc7 43. Re8 Rd8 44. Re1 b5 45. Kh6 a5
46. Kxh7 b4 47. g5 b3 48. g6 a4 49. Rb1 Kc6 50. g7 Kb5 51. f4 Kb4 52. f5 a3 53.
f6 a2 54. Rxb3+ Kxb3 55. f7 a1=Q 56. g8=Q Qb1+ 57. Qg6 Rh8+ 58. Kxh8 Qxg6
1/2-1/2

[Event "SERBIA CHESS OPEN 2021 – MASTERS"]
[Site "Belgrade, Hotel Metropol"]
[Date "2021.07.05"]
[Round "5.2"]
[White "Kovalenko, Igor"]
[Black "Shevchenko, Kirill"]
[Result "1/2-1/2"]
[WhiteElo "2643"]
[BlackElo "2605"]
[PlyCount "328"]
[EventDate "2021.??.??"]

1. d4 Nf6 2. c4 g6 3. Nc3 Bg7 4. e4 d6 5. h3 O-O 6. Be3 Nc6 7. Bd3 e5 8. d5 Nd4
9. Nge2 Nd7 10. Bb1 Nxe2 11. Qxe2 f5 12. Bd2 f4 13. f3 Bf6 14. a3 a5 15. Bc2
Bh4+ 16. Kd1 c6 17. Kc1 Nc5 18. Rd1 a4 19. Kb1 Bd7 20. Ka2 Qb6 21. Be1 Bxe1 22.
Qxe1 Rf6 23. Rac1 Nb3 24. Bxb3 Qxb3+ 25. Kb1 c5 26. Qe2 Qb6 27. h4 Rf7 28. Rg1
Raf8 29. Ka2 Rb8 30. Ka1 Qd8 31. Rh1 h6 32. g3 fxg3 33. Rcg1 Kh7 34. Rxg3 Rf4
35. Qg2 Qf6 36. Ne2 Rg8 37. Nxf4 exf4 38. Rgh3 Bxh3 39. Qxh3 Qe7 40. Re1 Rf8
41. Ka2 Rf7 42. Rg1 Qd7 43. Qg2 Rf6 44. Qe2 Qe8 45. Qc2 b5 46. Qc3 Rf7 47. Re1
bxc4 48. e5 dxe5 49. Qxc4 Rc7 50. Qc3 Re7 51. Qxc5 Qf7 52. Ka1 Rc7 53. Qa5 Ra7
54. Qd2 Qf6 55. h5 gxh5 56. Qc2+ Qg6 57. Qc5 Rd7 58. Rxe5 Qd3 59. Re1 Qxd5 60.
Qc2+ Qd3 61. Re7+ Kh8 62. Re8+ Kh7 63. Qxa4 Qd1+ 64. Qxd1 Rxd1+ 65. Ka2 h4 66.
Re2 Rf1 67. a4 Rxf3 68. a5 Re3 69. Rf2 f3 70. a6 Re6 71. Rxf3 Rxa6+ 72. Kb1 Kg6
73. Rc3 Ra5 74. b4 Rh5 75. Rc6+ Kf5 76. Rc5+ Kg4 77. Rc4+ Kf5 78. Rc5+ Kg6 79.
Rc6+ Kf7 80. Rc1 h3 81. Kc2 Kf6 82. Kd3 Kf5 83. b5 Kg4 84. Kc4 h2 85. Rh1 Kg3
86. b6 Rf5 87. Rb1 Rf7 88. Kc5 Kg2 89. Rb2+ Kg1 90. Rb1+ Kg2 91. Rb2+ Rf2 92.
Rxf2+ Kxf2 93. b7 h1=Q 94. b8=Q Qh5+ 95. Kd4 Qg4+ 96. Kd5 Qg5+ 97. Ke4 Qg6+ 98.
Kd4 Qg4+ 99. Kd5 h5 100. Qb2+ Kg3 101. Qe5+ Kg2 102. Qb2+ Kh3 103. Qc3+ Qg3
104. Qc1 Qf3+ 105. Kc5 h4 106. Qg1 Qg2 107. Qe3+ Qg3 108. Qe2 Qg2 109. Qe1 Qg5+
110. Kb6 Kh2 111. Qf2+ Kh1 112. Ka6 h3 113. Qf1+ Kh2 114. Qf2+ Qg2 115. Qf4+
Qg3 116. Qd2+ Kg1 117. Qd1+ Kg2 118. Qd2+ Qf2 119. Qg5+ Kf1 120. Qc1+ Qe1 121.
Qf4+ Qf2 122. Qc1+ Kg2 123. Qg5+ Kh2 124. Qe5+ Qg3 125. Qe2+ Kg1 126. Qd1+ Kg2
127. Qd2+ Kh1 128. Qd1+ Qg1 129. Qd5+ Qg2 130. Qd1+ Kh2 131. Qd6+ Kg1 132. Qc5+
Kf1 133. Qc1+ Ke2 134. Qc2+ Ke3 135. Qc3+ Ke4 136. Qc6+ Kf5 137. Qd7+ Kf6 138.
Qd6+ Kf7 139. Qc7+ Kg6 140. Qd6+ Kh7 141. Qc7+ Qg7 142. Qh2 Qg2 143. Qc7+ Kh6
144. Qf4+ Qg5 145. Qh2 Qg4 146. Qd2+ Qg5 147. Qh2 Qf6+ 148. Ka7 Qe7+ 149. Kb8
Qe8+ 150. Kb7 Qe4+ 151. Ka6 Qd3+ 152. Kb7 Qf3+ 153. Ka6 Qf1+ 154. Ka7 Qf7+ 155.
Kb8 Qb3+ 156. Ka7 Qe3+ 157. Ka6 Kg5 158. Kb7 Kh4 159. Qb2 Qe7+ 160. Kc6 Qe6+
161. Kc5 Qf5+ 162. Kb6 h2 163. Qxh2+ Qh3 164. Qxh3+ Kxh3 1/2-1/2

[Event "SERBIA CHESS OPEN 2021 – MASTERS"]
[Site "Belgrade, Hotel Metropol"]
[Date "2021.07.05"]
[Round "5.3"]
[White "Bjerre, Jonas Buhl"]
[Black "Ter-Sahakyan, Samvel"]
[Result "1/2-1/2"]
[WhiteElo "2546"]
[BlackElo "2643"]
[PlyCount "60"]
[EventDate "2021.??.??"]

1. e4 c5 2. Nf3 Nc6 3. d4 cxd4 4. Nxd4 Nf6 5. Nc3 e5 6. Nde2 Bb4 7. a3 Ba5 8.
b4 Bb6 9. Qd6 Bc7 10. Qd3 d6 11. Bg5 h6 12. Bxf6 Qxf6 13. Nd5 Qd8 14. Nec3 Bb8
15. Qg3 O-O 16. Bc4 a6 17. O-O Ba7 18. Rad1 Be6 19. Ne2 Rc8 20. Qd3 Kh8 21. c3
Qd7 22. Bb3 f5 23. exf5 Bxf5 24. Qd2 Bg6 25. Ng3 Ne7 26. Kh1 Nxd5 27. Bxd5 Rf4
28. f3 Qe7 29. h3 Rd8 30. Kh2 b5 1/2-1/2

[Event "SERBIA CHESS OPEN 2021 – MASTERS"]
[Site "Belgrade, Hotel Metropol"]
[Date "2021.07.05"]
[Round "5.4"]
[White "Aleksandrov, Aleksej"]
[Black "Nihal, Sarin"]
[Result "1/2-1/2"]
[WhiteElo "2535"]
[BlackElo "2620"]
[PlyCount "39"]
[EventDate "2021.??.??"]

1. Nf3 d5 2. d4 Nf6 3. c4 e6 4. Nc3 Nbd7 5. cxd5 exd5 6. Bg5 h6 7. Bh4 c6 8. e3
Be7 9. Qc2 Nh5 10. Bxe7 Qxe7 11. h3 a5 12. Be2 Nhf6 13. O-O O-O 14. Bd3 Re8 15.
Nd2 b6 16. e4 dxe4 17. Ndxe4 Nxe4 18. Bxe4 Bb7 19. d5 cxd5 20. Bxd5 1/2-1/2

[Event "SERBIA CHESS OPEN 2021 – MASTERS"]
[Site "Belgrade, Hotel Metropol"]
[Date "2021.07.05"]
[Round "5.5"]
[White "Iskandarov, Misratdin"]
[Black "Bernadskiy, Vitaliy"]
[Result "1/2-1/2"]
[WhiteElo "2533"]
[BlackElo "2606"]
[PlyCount "75"]
[EventDate "2021.??.??"]

1. e4 e6 2. d4 d5 3. Nc3 dxe4 4. Nxe4 Nd7 5. Nf3 Ngf6 6. Nxf6+ Nxf6 7. Be3 Be7
8. Bd3 O-O 9. Qe2 b6 10. O-O-O Bb7 11. Kb1 Nd5 12. h4 Nxe3 13. fxe3 Qd6 14.
Rdf1 f5 15. e4 fxe4 16. Bxe4 Bxe4 17. Qxe4 Rae8 18. Re1 Bf6 19. Ng5 g6 20. Nxe6
Bxd4 21. Qg4 Bf2 22. Re4 Rf5 23. Ng5 Rxe4 24. Qxe4 Bc5 25. Re1 Qd5 26. Qg4 Bf8
27. Rd1 Rf4 28. Qe2 Rf2 29. Qe1 Qf5 30. Qc3 Qd5 31. Qe1 Qf5 32. Ne4 Rxg2 33.
Qe3 Be7 34. Qb3+ Kg7 35. Qc3+ Kh6 36. Qe3+ Kg7 37. Qc3+ Kh6 38. Qe3+ 1/2-1/2

[Event "SERBIA CHESS OPEN 2021 – MASTERS"]
[Site "Belgrade, Hotel Metropol"]
[Date "2021.07.05"]
[Round "5.6"]
[White "Ivic, Velimir"]
[Black "Kourkoulos-Arditis, Stamatis"]
[Result "0-1"]
[WhiteElo "2582"]
[BlackElo "2485"]
[PlyCount "102"]
[EventDate "2021.??.??"]

1. e4 e5 2. Nf3 Nc6 3. Bb5 a6 4. Ba4 Nf6 5. O-O Bc5 6. c3 b5 7. Bc2 d5 8. a4
dxe4 9. axb5 exf3 10. Qxf3 e4 11. Bxe4 Ne5 12. Qe2 O-O 13. d4 Bg4 14. Qc2 Nxe4
15. Qxe4 Nf3+ 16. gxf3 Bh3 17. dxc5 Bxf1 18. Kxf1 Qd1+ 19. Qe1 Qxf3 20. Be3
axb5 21. Rxa8 Rxa8 22. Nd2 Qh1+ 23. Ke2 Qxh2 24. Nf3 Qh3 25. Qd1 Qe6 26. Qd3 c6
27. Qd6 Qc4+ 28. Kd2 b4 29. Bd4 Qb3 30. Qxc6 Qxb2+ 31. Kd3 Qa3 32. Qd5 b3 33.
Ng5 Qa6+ 34. c4 Qg6+ 35. Ne4 Re8 36. f3 Qg2 37. Nd2 Qe2+ 38. Kc3 Qe1 39. Qg5 f6
40. Bxf6 Qa1+ 41. Kxb3 Rb8+ 42. Kc2 Qxf6 43. Qxf6 gxf6 44. Kd3 Kf7 45. Ne4 Ke6
46. Ke3 Rc8 47. f4 h6 48. Kd4 Rd8+ 49. Nd6 f5 50. Ke3 Rxd6 51. cxd6 Kxd6 0-1

[Event "SERBIA CHESS OPEN 2021 – MASTERS"]
[Site "Belgrade, Hotel Metropol"]
[Date "2021.07.05"]
[Round "5.7"]
[White "Postny, Evgeny"]
[Black "Lazov, Toni"]
[Result "1/2-1/2"]
[WhiteElo "2578"]
[BlackElo "2412"]
[PlyCount "81"]
[EventDate "2021.??.??"]

1. d4 Nf6 2. c4 g6 3. Nc3 Bg7 4. e4 d6 5. Be2 O-O 6. Be3 Na6 7. Nf3 e5 8. O-O
c6 9. d5 Ng4 10. Bg5 f6 11. Bh4 c5 12. Ne1 Nh6 13. Nc2 Qe8 14. Rb1 Nf7 15. Nb5
f5 16. f3 f4 17. b4 b6 18. bxc5 bxc5 19. Bf2 h5 20. Na1 g5 21. Nb3 Qd8 22. Be1
Nh6 23. Na5 Rf7 24. Nc6 Qf6 25. Ba5 Rd7 26. Rb3 Bf8 27. Ra3 Rg7 28. Nd8 g4 29.
Ne6 Bxe6 30. dxe6 Qxe6 31. Kh1 gxf3 32. gxf3 Kh8 33. Rg1 Rxg1+ 34. Qxg1 Be7 35.
Bd2 Rg8 36. Qf1 Nb8 37. Rxa7 Nf7 38. Nc7 Qd7 39. Nb5 Qe6 40. Nc7 Qd7 41. Nb5
1/2-1/2

[Event "SERBIA CHESS OPEN 2021 – MASTERS"]
[Site "Belgrade, Hotel Metropol"]
[Date "2021.07.05"]
[Round "5.8"]
[White "Pranav, V."]
[Black "Asadli, Vugar"]
[Result "1/2-1/2"]
[WhiteElo "2366"]
[BlackElo "2574"]
[PlyCount "77"]
[EventDate "2021.??.??"]

1. e4 c6 2. d4 d5 3. e5 Bf5 4. Nf3 e6 5. Be2 Ne7 6. O-O c5 7. c3 Nec6 8. a3 Nd7
9. Re1 Be7 10. Be3 O-O 11. Nbd2 a5 12. Bb5 c4 13. Ba4 Rb8 14. Bc2 Bxc2 15. Qxc2
b5 16. h4 Rb6 17. Ng5 Bxg5 18. Bxg5 Qc7 19. Nf1 Rfb8 20. h5 h6 21. Bc1 Qd8 22.
Qd1 Ne7 23. Ng3 b4 24. axb4 axb4 25. Qg4 Kh8 26. Bd2 bxc3 27. Bxc3 Qe8 28. Re3
Ra8 29. Rf1 Raa6 30. Qh3 f5 31. exf6 Nxf6 32. Rfe1 Qf7 33. R3e2 Kg8 34. Re5 Nd7
35. R5e3 Nf6 36. Rf3 Kh8 37. Qh4 Neg8 38. Rfe3 Ne7 39. Rf3 1/2-1/2

[Event "SERBIA CHESS OPEN 2021 – MASTERS"]
[Site "Belgrade, Hotel Metropol"]
[Date "2021.07.05"]
[Round "5.10"]
[White "Sanal, Vahap"]
[Black "Karacsonyi, Gellert"]
[Result "1-0"]
[WhiteElo "2556"]
[BlackElo "2340"]
[PlyCount "63"]
[EventDate "2021.??.??"]

1. e4 e6 2. d4 d5 3. Nc3 dxe4 4. Nxe4 Bd7 5. Nf3 Bc6 6. Bd3 Nd7 7. O-O Ngf6 8.
Ng3 g6 9. b3 Bg7 10. Ba3 Bf8 11. Bb2 Bg7 12. c4 O-O 13. Qe2 Re8 14. Ne5 Nxe5
15. dxe5 Nd7 16. f4 f6 17. exf6 Bxf6 18. Be4 Bxb2 19. Qxb2 Qf6 20. Qe2 Bxe4 21.
Nxe4 Qd4+ 22. Kh1 Nc5 23. Nf2 a5 24. Rad1 Qc3 25. Ne4 Nxe4 26. Qxe4 Qg7 27.
Qxb7 Rad8 28. Qc6 Qe7 29. h3 Rf8 30. Rde1 Rd6 31. Qb5 Rf5 32. Re5 1-0

[Event "SERBIA CHESS OPEN 2021 – MASTERS"]
[Site "Belgrade, Hotel Metropol"]
[Date "2021.07.05"]
[Round "5.11"]
[White "Ozenir, Ekin Baris"]
[Black "Sadhwani, Raunak"]
[Result "1/2-1/2"]
[WhiteElo "2331"]
[BlackElo "2555"]
[PlyCount "71"]
[EventDate "2021.??.??"]

1. Nf3 c5 2. c4 Nc6 3. d4 cxd4 4. Nxd4 Nf6 5. Nc3 e6 6. a3 d5 7. cxd5 exd5 8.
e3 Bd6 9. Be2 O-O 10. O-O Qe7 11. Nf3 Rd8 12. Nb5 Bb8 13. b3 Ne4 14. Bb2 Bg4
15. Rc1 a6 16. Nbd4 Rd6 17. Nd2 Bd7 18. Nxc6 bxc6 19. Bf3 Ng5 20. Re1 Rh6 21.
Nf1 Rg6 22. g3 Nxf3+ 23. Qxf3 Bg4 24. Qg2 Bd7 25. Qf3 Bg4 26. Qg2 h5 27. e4 Re6
28. Ne3 Rxe4 29. Rxc6 Ba7 30. h3 d4 31. Bxd4 Bxd4 32. hxg4 Bxe3 33. fxe3 Rxe3
34. Rxe3 Qxe3+ 35. Qf2 Qxb3 36. gxh5 1/2-1/2

[Event "SERBIA CHESS OPEN 2021 – MASTERS"]
[Site "Belgrade, Hotel Metropol"]
[Date "2021.07.05"]
[Round "5.12"]
[White "Fedoseev, Vladimir"]
[Black "Raja, Harshit"]
[Result "1-0"]
[WhiteElo "2696"]
[BlackElo "2484"]
[PlyCount "85"]
[EventDate "2021.??.??"]

1. Nf3 Nf6 2. c4 e6 3. g3 d5 4. Bg2 Be7 5. d4 O-O 6. O-O dxc4 7. Qc2 a6 8. a4
Bd7 9. Qxc4 Bc6 10. Be3 Nbd7 11. Nc3 Nd5 12. Bd2 a5 13. Qd3 f5 14. Qc4 Bf6 15.
Qb3 N7b6 16. Ne5 Bxe5 17. dxe5 Qe8 18. Nb5 Nxa4 19. Nd4 Nc5 20. Qc4 b6 21. Bxa5
Bb7 22. Bb4 Nxb4 23. Bxb7 Rxa1 24. Rxa1 Nxb7 25. Qxb4 Na5 26. Rc1 Rf7 27. Nb5
Qd8 28. Qa4 h6 29. b4 Nb7 30. Qa2 Re7 31. Rc6 Qd1+ 32. Kg2 Nd8 33. Rxc7 Rxc7
34. Nxc7 Qc1 35. Na8 Qc6+ 36. f3 Qb5 37. Qd2 Nf7 38. Qe3 Qxe5 39. Kf2 Qa1 40.
Nxb6 Qh1 41. Qxe6 Qxh2+ 42. Ke3 Qg1+ 43. Kd3 1-0

[Event "SERBIA CHESS OPEN 2021 – MASTERS"]
[Site "Belgrade, Hotel Metropol"]
[Date "2021.07.05"]
[Round "5.13"]
[White "Makhnev, Denis"]
[Black "Kuzubov, Yuriy"]
[Result "1-0"]
[WhiteElo "2480"]
[BlackElo "2653"]
[PlyCount "105"]
[EventDate "2021.??.??"]

1. d4 Nf6 2. c4 e6 3. Nf3 d5 4. Nc3 Bb4 5. Qa4+ Nc6 6. e3 O-O 7. Qc2 Re8 8. a3
Bf8 9. Bd2 e5 10. dxe5 Nxe5 11. cxd5 Nxf3+ 12. gxf3 Nxd5 13. O-O-O Nxc3 14.
Bxc3 Qh4 15. Bd3 Be6 16. Rdg1 Rad8 17. Rg3 f6 18. Rhg1 Rd5 19. f4 Kh8 20. f5
Bf7 21. Rg4 Qxh2 22. Bc4 Rd7 23. Bxf7 Rxf7 24. Qb3 Rd7 25. R4g2 Qh5 26. Qxb7
Red8 27. e4 Rd1+ 28. Kc2 Qe2+ 29. Kb3 R8d6 30. Qxc7 Qxe4 31. Rxd1 Rxd1 32. Rg3
Qxf5 33. Qxa7 h5 34. Qf7 Qd5+ 35. Qxd5 Rxd5 36. a4 Bc5 37. Kc4 Rf5 38. f3 Kh7
39. b4 Bf2 40. Rh3 h4 41. a5 g5 42. b5 Rc5+ 43. Kb4 Rxc3 44. Kxc3 Be1+ 45. Kd3
Bxa5 46. Ke2 Kg6 47. Rh1 Kf5 48. Ra1 Bc3 49. Ra4 h3 50. Kf1 Be5 51. b6 Bd6 52.
b7 Ke6 53. Ra6 1-0

[Event "SERBIA CHESS OPEN 2021 – MASTERS"]
[Site "Belgrade, Hotel Metropol"]
[Date "2021.07.05"]
[Round "5.14"]
[White "Hovhannisyan, Robert"]
[Black "Cabarkapa, Novak"]
[Result "1-0"]
[WhiteElo "2632"]
[BlackElo "2478"]
[PlyCount "42"]
[EventDate "2021.??.??"]

1. e4 e6 2. d4 d5 3. Nc3 Nf6 4. Bg5 dxe4 5. Nxe4 Be7 6. Bxf6 gxf6 7. Qd2 a6 8.
O-O-O f5 9. Ng3 c5 10. Nf3 cxd4 11. Nxd4 Nc6 12. Qc3 Bf6 13. Bb5 Bd7 14. Bxc6
Bxc6 15. Nh5 Rc8 16. Rhe1 Bxd4 17. Rxd4 Qg5+ 18. Rd2 Ke7 19. Qc5+ Ke8 20. Qe5
Ke7 21. Qd6+ Ke8 1-0

[Event "SERBIA CHESS OPEN 2021 – MASTERS"]
[Site "Belgrade, Hotel Metropol"]
[Date "2021.07.05"]
[Round "5.15"]
[White "Safarli, Eltaj"]
[Black "Gavrilescu, David"]
[Result "1-0"]
[WhiteElo "2604"]
[BlackElo "2470"]
[PlyCount "67"]
[EventDate "2021.??.??"]

1. c4 e6 2. g3 d5 3. Bg2 d4 4. Nf3 c5 5. O-O Nc6 6. e3 Nf6 7. exd4 cxd4 8. d3
Be7 9. Bg5 h6 10. Bxf6 Bxf6 11. Nbd2 O-O 12. Re1 a5 13. a3 Qc7 14. c5 Be7 15.
Rc1 Bd7 16. Nc4 Bxc5 17. Nce5 Ba7 18. Nxc6 bxc6 19. Ne5 Rab8 20. Bxc6 Bxc6 21.
Rxc6 Qb7 22. Qf3 Qxb2 23. Nd7 Qxa3 24. Rec1 Rbd8 25. Nxf8 Qxf8 26. Ra6 Bb8 27.
Rxa5 g6 28. Qf6 Rc8 29. Rxc8 Qxc8 30. h4 h5 31. Ra8 Qc1+ 32. Kh2 Qc7 33. Qxd4
Kh7 34. Qb2 1-0

[Event "SERBIA CHESS OPEN 2021 – MASTERS"]
[Site "Belgrade, Hotel Metropol"]
[Date "2021.07.05"]
[Round "5.16"]
[White "Nikitenko, Mihail"]
[Black "Markus, Robert"]
[Result "1/2-1/2"]
[WhiteElo "2472"]
[BlackElo "2600"]
[PlyCount "37"]
[EventDate "2021.??.??"]

1. e4 e6 2. d4 d5 3. Nc3 Bb4 4. exd5 exd5 5. Bd3 Nf6 6. Nge2 O-O 7. O-O Re8 8.
Bg5 c6 9. a3 Be7 10. Ng3 h6 11. Bf4 Bd6 12. Nce2 c5 13. dxc5 Bxc5 14. b4 Bf8
15. c4 dxc4 16. Bxc4 Qxd1 17. Rfxd1 Nc6 18. Nc3 Be6 19. Bxe6 1/2-1/2

[Event "SERBIA CHESS OPEN 2021 – MASTERS"]
[Site "Belgrade, Hotel Metropol"]
[Date "2021.07.05"]
[Round "5.17"]
[White "Puranik, Abhimanyu"]
[Black "Diermair, Andreas"]
[Result "0-1"]
[WhiteElo "2589"]
[BlackElo "2455"]
[PlyCount "66"]
[EventDate "2021.??.??"]

1. e4 e6 2. d4 d5 3. Nc3 Nf6 4. e5 Nfd7 5. Nce2 c5 6. c3 Nc6 7. f4 Qb6 8. Nf3
f6 9. a3 Be7 10. exf6 Nxf6 11. g3 O-O 12. Bg2 Ne4 13. O-O Bd7 14. Kh1 a5 15. c4
Rad8 16. b4 axb4 17. axb4 cxb4 18. Qd3 Kh8 19. Be3 Be8 20. Ne5 Nxe5 21. dxe5
Bc5 22. Bxe4 Bxe3 23. cxd5 exd5 24. Bf3 Bg6 25. Qb3 d4 26. Rfd1 d3 27. Nc1 Qd4
28. Nxd3 Bxd3 29. e6 Be4 30. Bg2 Bxg2+ 31. Kxg2 Qe4+ 32. Kh3 Rde8 33. Rd6 Rxf4
0-1

[Event "SERBIA CHESS OPEN 2021 – MASTERS"]
[Site "Belgrade, Hotel Metropol"]
[Date "2021.07.05"]
[Round "5.18"]
[White "Kilgus, Georg"]
[Black "Fier, Alexandr"]
[Result "0-1"]
[WhiteElo "2452"]
[BlackElo "2569"]
[PlyCount "156"]
[EventDate "2021.??.??"]

1. d4 Nf6 2. c4 c5 3. d5 g6 4. Nc3 Bg7 5. e4 d6 6. h3 O-O 7. Nf3 e6 8. Be3 exd5
9. cxd5 Re8 10. Nd2 Na6 11. Be2 Nc7 12. a4 b6 13. O-O Ba6 14. Re1 Bxe2 15. Rxe2
a6 16. Bf4 b5 17. axb5 Nxb5 18. Nxb5 axb5 19. Rxa8 Qxa8 20. Bxd6 c4 21. Bb4 Nh5
22. Bc3 Bxc3 23. bxc3 Nf4 24. Re3 Nd3 25. Nf3 Qa3 26. Ne1 Ne5 27. Qd4 Qa1 28.
Kh2 b4 29. Nc2 Qb2 30. Nxb4 Qxf2 31. Rg3 Qf4 32. d6 Nd7 33. Nd5 Qxd6 34. Qxc4
h5 35. Qc7 Qxc7 36. Nxc7 Rxe4 37. Nd5 Kg7 38. Re3 Ra4 39. Kg3 Nc5 40. Kf3 Ne6
41. Re2 h4 42. Rb2 g5 43. g3 Ra5 44. Rd2 hxg3 45. Kxg3 f5 46. Kf3 Rc5 47. Rd3
Kg6 48. Re3 Ng7 49. Rd3 Kh5 50. Kg3 Rc6 51. Nb4 Re6 52. Nd5 Rc6 53. Nb4 Rc4 54.
Nd5 f4+ 55. Kg2 Nf5 56. Nf6+ Kg6 57. Ng4 Ra4 58. Ne5+ Kf6 59. Nd7+ Ke7 60. Kf3
Nh4+ 61. Kf2 Ra2+ 62. Kf1 Nf5 63. Ne5 Ne3+ 64. Ke1 Rg2 65. Nf3 Ke6 66. Rd8 Kf5
67. Rg8 Rg3 68. Ke2 Nd5 69. c4 Nc3+ 70. Kf2 Ne4+ 71. Ke2 Rxh3 72. c5 g4 73.
Nd4+ Ke5 74. Nc6+ Kd5 75. Ne7+ Kxc5 76. Rxg4 f3+ 77. Kf1 Rh1+ 78. Rg1 Rh2 0-1

[Event "SERBIA CHESS OPEN 2021 – MASTERS"]
[Site "Belgrade, Hotel Metropol"]
[Date "2021.07.05"]
[Round "5.19"]
[White "Kadric, Denis"]
[Black "Bharath, Subramaniyam H"]
[Result "0-1"]
[WhiteElo "2564"]
[BlackElo "2426"]
[PlyCount "71"]
[EventDate "2021.??.??"]

1. e4 c5 2. Nc3 e6 3. Nf3 a6 4. d4 cxd4 5. Nxd4 Qc7 6. Bd3 Nf6 7. f4 d6 8. Qe2
Nbd7 9. g4 h6 10. Be3 b5 11. a3 Bb7 12. g5 hxg5 13. fxg5 Nh5 14. g6 Ne5 15.
gxf7+ Qxf7 16. Rf1 Nf6 17. O-O-O Rc8 18. Kb1 Be7 19. Bc1 Rc5 20. Rf2 Bd8 21.
Rg2 Ba5 22. Bd2 Nc4 23. Bxc4 bxc4 24. Rdg1 Rh7 25. Rf2 Rh4 26. Qf1 Bxe4 27.
Rxg7 Qxg7 28. Nxe6 Qe7 29. Rxf6 Bxc3 30. Bxc3 Rxh2 31. Rf8+ Kd7 32. Nxc5+ dxc5
33. Ka2 Rh1 34. Qf4 Bxc2 35. Qd2+ Bd3 36. Rg8 0-1

[Event "SERBIA CHESS OPEN 2021 – MASTERS"]
[Site "Belgrade, Hotel Metropol"]
[Date "2021.07.05"]
[Round "5.20"]
[White "Martin Duque, Jesus"]
[Black "Suleymanli, Aydin"]
[Result "0-1"]
[WhiteElo "2444"]
[BlackElo "2563"]
[PlyCount "76"]
[EventDate "2021.??.??"]

1. e4 c6 2. Nf3 d5 3. Nc3 Bg4 4. h3 Bxf3 5. Qxf3 e6 6. Be2 Nf6 7. O-O d4 8. Nb1
Bd6 9. d3 Nbd7 10. Bd1 Rg8 11. c3 dxc3 12. d4 cxb2 13. Bxb2 e5 14. Nd2 exd4 15.
Nc4 Be5 16. Bb3 Qc7 17. Nxe5 Qxe5 18. Rad1 c5 19. Bc4 g5 20. Qb3 Rg7 21. Rd3
Kf8 22. Bc1 g4 23. Re1 Rb8 24. a4 Rg8 25. Bb2 Rg7 26. Bc1 Ke7 27. f4 gxf3 28.
Rxf3 Rbg8 29. Re2 Rg3 30. Bf4 Qxf4 31. Rxf4 Rxb3 32. Bxb3 Ne5 33. Ref2 Rg6 34.
Rf5 Nfd7 35. Bxf7 Rb6 36. Bd5 c4 37. Rc2 c3 38. Rf1 Kd6 0-1

[Event "SERBIA CHESS OPEN 2021 – MASTERS"]
[Site "Belgrade, Hotel Metropol"]
[Date "2021.07.05"]
[Round "5.21"]
[White "Basso, Pier Luigi"]
[Black "Stukan, Martin"]
[Result "1-0"]
[WhiteElo "2550"]
[BlackElo "2431"]
[PlyCount "67"]
[EventDate "2021.??.??"]

1. d4 Nf6 2. c4 e6 3. Nf3 d5 4. Nc3 dxc4 5. e4 Bb4 6. Bg5 h6 7. Bxf6 Qxf6 8.
Bxc4 c5 9. O-O cxd4 10. e5 Qd8 11. Ne4 Nc6 12. Qe2 a6 13. Rac1 b5 14. Bxe6 Bxe6
15. Rxc6 O-O 16. Rd1 Bc4 17. Nf6+ gxf6 18. Qe4 Re8 19. Rxd4 Qa5 20. Qh4 Bf8 21.
Rg4+ Kh7 22. Qxf6 Qd8 23. Qf5+ Kh8 24. h3 Bg7 25. Rxg7 Kxg7 26. Qg4+ Kh7 27.
Qf5+ Kg7 28. Qg4+ Kh7 29. Rd6 Qc8 30. Ng5+ hxg5 31. Qh5+ Kg7 32. Qh6+ Kg8 33.
Qxg5+ Kf8 34. Rh6 1-0

[Event "SERBIA CHESS OPEN 2021 – MASTERS"]
[Site "Belgrade, Hotel Metropol"]
[Date "2021.07.05"]
[Round "5.22"]
[White "Ahmadzada, Ahmad"]
[Black "Warmerdam, Max"]
[Result "1/2-1/2"]
[WhiteElo "2431"]
[BlackElo "2535"]
[PlyCount "116"]
[EventDate "2021.??.??"]

1. e4 c6 2. d4 d5 3. exd5 cxd5 4. Bd3 Nf6 5. c3 Bg4 6. Qb3 Qc7 7. Ne2 Nc6 8.
O-O e6 9. h3 Bh5 10. Nf4 Bg6 11. Nxg6 hxg6 12. Nd2 g5 13. Nf3 g4 14. hxg4 Bd6
15. Re1 O-O-O 16. Bg5 Bf4 17. Bxf6 gxf6 18. c4 Nxd4 19. Nxd4 dxc4 20. Qxc4 Qxc4
21. Bxc4 Rxd4 22. Be2 Bh2+ 23. Kf1 Be5 24. Bf3 Rd2 25. g3 Rxb2 26. Rab1 b6 27.
Rxb2 Bxb2 28. Rd1 Kc7 29. Ke2 Ba3 30. Rh1 Rd8 31. Rh7 Rd7 32. Be4 b5 33. f4 Bd6
34. Kf3 a6 35. g5 fxg5 36. fxg5 Be5 37. g6 f5 38. Rxd7+ Kxd7 39. Bb7 a5 40. g4
fxg4+ 41. Kxg4 b4 42. Ba6 Ke7 43. Bb5 Bg7 44. Kf4 Kf6 45. Be8 e5+ 46. Ke4 Bf8
47. Kd3 Kf5 48. Kc4 e4 49. Bc6 Bg7 50. Bb7 Kf4 51. Bc6 Bf8 52. Kd4 Bg7+ 53. Kc4
Bf6 54. Kb3 e3 55. Bb5 Kf3 56. a3 bxa3 57. Kxa3 e2 58. Bxe2+ Kxe2 1/2-1/2

[Event "SERBIA CHESS OPEN 2021 – MASTERS"]
[Site "Belgrade, Hotel Metropol"]
[Date "2021.07.05"]
[Round "5.23"]
[White "Maksimovic, Bojan"]
[Black "Nenezic, Marko"]
[Result "1/2-1/2"]
[WhiteElo "2418"]
[BlackElo "2531"]
[PlyCount "124"]
[EventDate "2021.??.??"]

1. e4 c5 2. Nf3 d6 3. d4 cxd4 4. Nxd4 Nf6 5. Nc3 Nc6 6. Bg5 Bd7 7. Qd2 h6 8.
Bxf6 gxf6 9. O-O-O Nxd4 10. Qxd4 Qa5 11. f4 Rc8 12. Kb1 Qc5 13. Qd2 Bg7 14. f5
h5 15. Bd3 Bh6 16. Qe2 Bf4 17. Nd5 Be5 18. c3 e6 19. fxe6 fxe6 20. Ne3 b5 21.
h4 Ke7 22. g4 Rcg8 23. gxh5 Be8 24. h6 Rg3 25. Nf1 Rg6 26. Nd2 Rgxh6 27. Nf3
Bf4 28. Rhg1 Qe3 29. Rg7+ Bf7 30. Qxe3 Bxe3 31. Bxb5 Rg6 32. Rxg6 Bxg6 33. Bd3
Bh5 34. Re1 Bxf3 35. Rxe3 Bg4 36. Be2 f5 37. exf5 Bxf5+ 38. Bd3 Kf6 39. Bxf5
exf5 40. Kc2 f4 41. Re1 Rxh4 42. Kd3 Kf5 43. b4 Rh3+ 44. Kd4 Rh2 45. Re3 Kf6
46. Re1 Kf5 47. a4 Rd2+ 48. Kc4 f3 49. Kb5 f2 50. Rf1 Ke4 51. Ka6 Kd3 52. Kxa7
Ke2 53. Rxf2+ Kxf2 54. a5 Rc2 55. b5 Rxc3 56. b6 d5 57. b7 Rb3 58. b8=Q Rxb8
59. Kxb8 d4 60. a6 d3 61. a7 d2 62. a8=Q d1=Q 1/2-1/2

[Event "SERBIA CHESS OPEN 2021 – MASTERS"]
[Site "Belgrade, Hotel Metropol"]
[Date "2021.07.05"]
[Round "5.24"]
[White "Agibileg, Uurtsaikh"]
[Black "Bogosavljevic, Boban"]
[Result "1-0"]
[WhiteElo "2413"]
[BlackElo "2527"]
[PlyCount "59"]
[EventDate "2021.??.??"]

1. d4 Nf6 2. c4 e6 3. Nc3 Bb4 4. f3 c5 5. d5 d6 6. e4 b5 7. Bd2 a6 8. Nge2 O-O
9. Nf4 exd5 10. Ncxd5 Nxd5 11. Nxd5 Bxd2+ 12. Qxd2 Nc6 13. Bd3 Be6 14. O-O Nd4
15. Rae1 Bxd5 16. cxd5 Qb6 17. Kh1 Rac8 18. f4 c4 19. Bb1 b4 20. Rd1 Nb5 21.
Qxb4 a5 22. Qa4 Rc5 23. e5 Nc7 24. Qd7 Nxd5 25. Be4 Nc7 26. Rxd6 Qxb2 27. Rh6
g6 28. Bxg6 Qe2 29. Rg1 Rd5 30. Qe7 1-0

[Event "SERBIA CHESS OPEN 2021 – MASTERS"]
[Site "Belgrade, Hotel Metropol"]
[Date "2021.07.05"]
[Round "5.25"]
[White "Babazada, Khazar"]
[Black "Erenberg, Ariel"]
[Result "0-1"]
[WhiteElo "2409"]
[BlackElo "2506"]
[PlyCount "94"]
[EventDate "2021.??.??"]

1. e4 e5 2. Nf3 Nc6 3. Bb5 a6 4. Ba4 Nf6 5. O-O Be7 6. Re1 b5 7. Bb3 d6 8. c3
O-O 9. h3 Bb7 10. d4 Re8 11. Ng5 Rf8 12. Nf3 h6 13. dxe5 dxe5 14. Nbd2 Re8 15.
Qe2 Bf8 16. Nf1 Na5 17. Bc2 c5 18. Ng3 g6 19. Nh2 h5 20. Bg5 Bg7 21. Rad1 Qb6
22. Ngf1 Nh7 23. Bc1 Qe6 24. Bb1 Nc4 25. Nf3 Qe7 26. Ne3 Nxe3 27. Bxe3 Nf8 28.
Rd2 Ne6 29. Red1 Bc6 30. g3 Bf6 31. h4 c4 32. Bc2 Rec8 33. Bh6 a5 34. Qe3 b4
35. Rd6 Bh8 36. R6d2 a4 37. cxb4 Qxb4 38. a3 Qe7 39. Qc3 Rab8 40. Be3 Be8 41.
Rd5 Qb7 42. Rb1 Bc6 43. Ra5 Bxe4 44. Ra7 Qd5 45. Ra5 Qc6 46. Nxe5 Bxc2 47. Qxc2
Qc7 0-1